000 00933nam a2200241 a 4500
999 _c400417
_d400417
003 BLK
005 20241204174028.0
008 210309b bu |||||r|||| 00| | bu d
020 _a9786191515349
040 _aBLK
041 _aBUL
_cBUL
080 _aИздания за деца и юноши. Книжки-картинки. Читанки. Вж и 372.4
_b087.5
_z087.5
139 _aДомашни любимци
245 _aДомашни любимци
_bКнижка хармоника
260 _9209582
_aСофия
_bСофтПрес
_c2020
300 _a16 с.
_bс цв. ил.
_c10 x 94 см, сгъната до 10 х 11 см
380 _a0
490 _9202161
_aПоредица Детски свят
500 _aКор. опис. - Кн. отпеч. на ламиниран картон
852 _aЦб І 40348
942 _cKNG
_n0
_s1
_022
944 _aCR
_c2021-03-09
_k30537
_lГрета Цуфелде